Регионална библиотека "Любен Каравелов" - Русе

Избрани произведения (Запис номер 136742)

MARC детайли
000 -Лидер
Контролно поле с фиксирана дължина 01273nam a2200301 c 4500
003 - Код на организацията, давaща контролен номер
Контролно поле BLK
005 - Дата и час на последна редакция
Контролно поле 20230418111131.0
008 - Елементи от данни с фиксирана дължина
fixed length control field 180409b bul|||||r ||||||| ||bul||
010 ## - Наследен системен номер
LC control number KNG00142698000
040 ## - Източник на каталожния запис
Идентификатор на билиотеката - собственик на записа BLK
041 ## - Код за език
Код за езика на текст/звукозапис или на отделно заглавие Български
Код за езика КДБФ Български
080 ## - УДК
Текстов определител УДК Българска литература
УДК код - определител по УДК 821.163.2
УДК определител (081.2)
УДК - код + определител 821.163.2(081.2)
080 ## - УДК
Текстов определител УДК Българска литература
УДК код - определител по УДК 821.163.2
УДК определител -32
УДК - код + определител 821.163.2-32
100 ## - Редна дума - Автор
R(LIN) 429765
Автор Радичков, Йордан Димитров
Дати, свързани с автора 1929-2004
139 ## - Редно поле
Редна дума Радичков, Йордан Димитров
Авторски знак Ради - Р 14
245 10 - Сведения за заглавието
Заглавие Избрани произведения
Подзаглавни данни В 3 т.
Редно поле (дума) Йордан Димитров Радичков.
Том Т. 1
Заглавие на том Разкази
257 ## - Страна на издаване
Страна на създаване/издаване България
260 ## - Област на издателските данни
Име на издателя, разпространителя и проч. Бълг. писател
Година на издаване 1989
Печатница В. Търново : Д. Найденов
300 ## - Физическа характеристика
Размери/Мащаб 21 см
380 ## - Жанр
Жанр Худож. лит.
505 ## - Форматирана забележка
Заглавие Новели
760 1# - Описание на основната серия
Редна дума на основното описание Радичков, Йордан Димитров
Място на издаване, издател и година 1989
Страници - том 376 с.
Забележка - том 11 612 тир.
Заглавие Т. 1 Разкази
852 ## - Местоположение
Форматна сигнатура Цб 159880
856 4# - Електронен адрес и достъп
Електронен формат pdf - файл
Инструкция (цена за достъп) 0.00
Права за достъп disable
856 4# - Електронен адрес и достъп
Електронен формат pdf - файл
Инструкция (цена за достъп) 0.00
Права за достъп disable
999 ## - СИСТЕМНИ КОНТРОЛНИ НОМЕРА
Koha biblionumber 136742
Koha biblioitemnumber 136742
942 ## - АРТИКУЛИ
Вид на библиотечния материал Книги
Скрит в OPAC Не
Koha issues (borrowed), all copies 4
Периодичен библиозапис Да
944 ## - СЪЗДАВАНЕ И РЕДАКЦИЯ на ЗАПИСА
Създаване/Редакция Създаване
Дата на регистрацията/редакция 15.05.2013
Статус, дата на статуса 15.05.2013 - от С1,Р / 15.05.2013
Служител, извършил регистрацията/редакцията Севдалина_Василева
944 ## - СЪЗДАВАНЕ И РЕДАКЦИЯ на ЗАПИСА
Създаване/Редакция Редакция
Дата на регистрацията/редакция 15.05.2013
Статус, дата на статуса 15.05.2013 - от С1,Р / 15.05.2013
999 ## - СИСТЕМНИ КОНТРОЛНИ НОМЕРА
Koha biblioitemnumber 136742
999 ## - СИСТЕМНИ КОНТРОЛНИ НОМЕРА
Koha biblioitemnumber 136742
Наличности
Код за отписване Код за изгубен артикул Източник на класификационната схема Код за повреда Коз за рестрикции Код за отдаване Артикулен № Име на библиотеката - собственик Име на библиотеката, в която се намира в момента Статус (Текущо местоположение) Дата на вписване в системата Местоположение - отдел Цена в лева Инвентарен номер Систематично азбучна сигнатура Баркод Номер на екземпляра Цена в евро Служебна бележка Служебен тип на артикула
  Не е изгубен Universal Decimal Classification Не е повреден без рестрикции ползва се в читалня 223560 Регионална библиотека "Любен Каравелов" Русе Регионална библиотека "Любен Каравелов" Русе Хранилище 1989-01-01 Хранилище 2.62 523131 Цб 159880 120000523131 1 1.34 Дост: Dp Вид: Д N: стар фонд Дата: 01.01.1989 Книги
Изтеглен Не е изгубен Universal Decimal Classification Не е повреден без рестрикции заемане за дома 223561 Регионална библиотека "Любен Каравелов" Русе Регионална библиотека "Любен Каравелов" Русе Заемна - подръчен фонд 1989-01-01 Заемна - подръчен фонд 2.62 523927 П 886.7(081)/Р 14 523927 2 1.34 Дост: Pk Вид: Ф N: стар фонд Дата: 01.01.1989 Книги
Изтеглен Не е изгубен Universal Decimal Classification Не е повреден без рестрикции заемане за дома 223562 Регионална библиотека "Любен Каравелов" Русе Регионална библиотека "Любен Каравелов" Русе Заемна - подръчен фонд 1989-01-01 Заемна - подръчен фонд 2.62 523928 П 886.7(081)/Р 14 523928 3 1.34 Дост: Pk Вид: Ф N: стар фонд Дата: 01.01.1989 Книги
Изтеглен Не е изгубен Universal Decimal Classification Не е повреден без рестрикции заемане за дома 223563 Регионална библиотека "Любен Каравелов" Русе Регионална библиотека "Любен Каравелов" Русе Заемна - подръчен фонд 1989-01-01 Заемна - подръчен фонд 5.00 666156 П 886.7(081)/Р 14 666156 4 2.56 Дост: Pk Вид: Ф N: стар фонд Дата: 01.01.1989 Дата инв: 12.02.2018 Бележки инв: П2018 Книги
Vip Innovations Ltd, Rousse, Bulgaria 2025